Cliquez sur le bon vainqueur de Ligue 1 dans l'ordre. - Statistiques

Statistiques générales
  • Ce quiz a été pris 1 196 fois
  • Le résultat moyen est 17 sur 82
Statistiques - réponses
Hint Réponse % Correct
2021-22 Paris Saint-Germain
69%
2014-15 Paris Saint-Germain
68%
2017-18 Paris Saint-Germain
68%
2018-19 Paris Saint-Germain
68%
2015-16 Paris Saint-Germain
66%
2013-14 Paris Saint-Germain
65%
2019-20 Paris Saint-Germain
60%
2012-13 Paris Saint-Germain
57%
2006-07 Olympique lyonnais
54%
2007-08 Olympique lyonnais
52%
2005-06 Olympique lyonnais
51%
2004-05 Olympique lyonnais
50%
2003-04 Olympique lyonnais
45%
2002-03 Olympique lyonnais
42%
2020-21 Lille OSC
37%
2016-17 AS Monaco
36%
2011-12 Montpellier HSC
36%
2001-02 Olympique lyonnais
35%
2009-10 Olympique de Marseille
32%
1991-92 Olympique de Marseille
30%
1990-91 Olympique de Marseille
28%
1969-70 AS Saint-Étienne
25%
1975-76 AS Saint-Étienne
25%
1974-75 AS Saint-Étienne
23%
1988-89 Olympique de Marseille
23%
1968-69 AS Saint-Étienne
22%
2008-09 Girondins de Bordeaux
22%
1973-74 AS Saint-Étienne
21%
2010-11 Lille OSC
20%
1967-68 AS Saint-Étienne
19%
1966-67 AS Saint-Étienne
18%
1980-81 AS Saint-Étienne
18%
2000-01 FC Nantes
17%
1933-34 FC Sète
17%
1963-64 AS Saint-Étienne
16%
1932-33 Olympique Lillois
15%
1997-98 RC Lens
14%
1993-94 Paris Saint-Germain
13%
1957-58 Stade de Reims
13%
1959-60 Stade de Reims
13%
1995-96 AJ Auxerre
12%
1937-38 FC Sochaux-Montbéliard
12%
1956-57 AS Saint-Étienne
11%
1971-72 Olympique de Marseille
11%
1985-86 Paris Saint-Germain
11%
1954-55 Stade de Reims
11%
1961-62 Stade de Reims
11%
1938-39 FC Sète
10%
1934-35 FC Sochaux-Montbéliard
10%
1952-53 Stade de Reims
10%
1999-00 AS Monaco
9%
1994-95 FC Nantes
9%
1984-85 Girondins de Bordeaux
9%
1998-99 Girondins de Bordeaux
9%
1970-71 Olympique de Marseille
9%
1946-47 CO Roubaix-Tourcoing
8%
1983-84 Girondins de Bordeaux
8%
1951-52 OGC Nice
8%
1947-48 Olympique de Marseille
8%
1935-36 RC Paris
8%
1948-49 Stade de Reims
8%
1996-97 AS Monaco
7%
1979-80 FC Nantes
7%
1982-83 FC Nantes
7%
1986-87 Girondins de Bordeaux
7%
1950-51 OGC Nice
7%
1936-37 Olympique de Marseille
7%
1964-65 FC Nantes
6%
1976-77 FC Nantes
6%
1945-46 Lille OSC
6%
1978-79 RC Strasbourg
6%
1962-63 AS Monaco
5%
1977-78 AS Monaco
5%
1987-88 AS Monaco
5%
1965-66 FC Nantes
5%
1972-73 FC Nantes
5%
1949-50 Girondins de Bordeaux
5%
1955-56 OGC Nice
5%
1960-61 AS Monaco
4%
1981-82 AS Monaco
4%
1953-54 Lille OSC
4%
1958-59 OGC Nice
4%
Aucun quiz correspondant
Distribution des résultats
% des personnes avec chaque résultat
Percentile par nombre de réponses
Votre historique - résultats
Vous n’avez pas pris ce quiz